di Fiore's Atlas of Histology With Functional Correlations. (Record no. 4121)

MARC details
000 -LEADER
fixed length control field 00593nam a22002057a 4500
003 - CONTROL NUMBER IDENTIFIER
control field OSt
005 - DATE AND TIME OF LATEST TRANSACTION
control field 20210524145148.0
008 - FIXED-LENGTH DATA ELEMENTS--GENERAL INFORMATION
fixed length control field 160523b xxu||||| |||| 00| 0 eng d
020 ## - INTERNATIONAL STANDARD BOOK NUMBER
International Standard Book Number 0781750210
040 ## - CATALOGING SOURCE
Transcribing agency DLMN.
082 ## - DEWEY DECIMAL CLASSIFICATION NUMBER
Classification number QS17 E71d 2000.
100 ## - MAIN ENTRY--PERSONAL NAME
Personal name Eroschenko, P. Victor;
9 (RLIN) 8891
245 ## - TITLE STATEMENT
Title di Fiore's Atlas of Histology With Functional Correlations.
250 ## - EDITION STATEMENT
Edition statement 10th ed.
260 ## - PUBLICATION, DISTRIBUTION, ETC. (IMPRINT)
Place of publication, distribution, etc. Philadelphia,New York.
Name of publisher, distributor, etc. Lippincott Williams& Wilkins.
Date of publication, distribution, etc. 2000
300 ## - PHYSICAL DESCRIPTION
Extent xv,448p;
Other physical details col,ill;
Dimensions 26cm.
504 ## - BIBLIOGRAPHY, ETC. NOTE
Bibliography, etc includes index.
650 ## - SUBJECT ADDED ENTRY--TOPICAL TERM
Topical term or geographic name as entry element Atlas histology.
9 (RLIN) 194
942 ## - ADDED ENTRY ELEMENTS (KOHA)
Source of classification or shelving scheme Other/Generic Classification Scheme
Koha item type Open Shelf
Holdings
Withdrawn status Lost status Source of classification or shelving scheme Damaged status Not for loan Home library Current library Date acquired Source of acquisition Inventory number Total Checkouts Full call number Barcode Date last seen Koha item type
    Other/Generic Classification Scheme     MUST Main Library MUST Main Library 24/05/2021 Purchase 02/16817   QS17 E71d 2000. 2021-0595 24/05/2021 Open Shelf